Statistics for Breaking Bad Trivia #M

Click here to take the quiz!

General Stats

  • This quiz has been taken 50 times
  • The average score is 8 of 15

Answer Stats

HintAnswer% Correct
Skylers sisterMarie
95%
Sauls real surnameMcGill
86%
Scenes here have a yellow filterMexico
84%
German companyMadrigal
76%
Walt, Jesse and Mike use __ to destroy a laptopMagnets
70%
Badgers real name: Brandon __Mayhew
70%
One of the twin salamancasMarco
54%
Walt uses fulminated __ to blow up
Tucos headquarters
Mercury
43%
Colombian "version" of Breaking BadMetastasis
43%
Walt, Jesse and Todd steal this from a trainMethylamine
41%
Gus' partner killed by HectorMax
35%
Shared surname of Krazy-8 and Principal CarmenMolina
30%
Mike installs this in Walts homeMicrophones
27%
Special Agent of the DEAMerkert
19%
Walt tells Skyler, Jesse sold him thisMarihuana
16%

Score Distribution

Percentile by Number Answered

Percent of People with Each Score

Your Score History

You have not taken this quiz